От леденика Маласпина до Долината на смъртта (Запис номер 173547)
[ съкратено ]
| 000 -Лидер | |
|---|---|
| Контролно поле с фиксирана дължина | nam a22 a 4500 |
| 003 - Код на организацията, давaща контролен номер | |
| Контролно поле | BLK |
| 005 - Дата и час на последна редакция | |
| Контролно поле | 20221222090231.0 |
| 008 - Елементи от данни с фиксирана дължина | |
| fixed length control field | 180411b bul|||||r ||||||| ||bul|| |
| 010 ## - Наследен системен номер | |
| LC control number | KNG00181960000 |
| 040 ## - Източник на каталожния запис | |
| Идентификатор на билиотеката - собственик на записа | BLK |
| 041 ## - Код за език | |
| Код за езика на текст/звукозапис или на отделно заглавие | Български |
| Код за езика КДБФ | Български |
| 080 ## - УДК | |
| Текстов определител УДК | География на Северна Америка |
| УДК код - определител по УДК | 917 |
| УДК - код + определител | 917 |
| 100 1# - Редна дума - Автор | |
| Автор | Станков, Георги Николов |
| Авторска отговорност | първи автор |
| R(LIN) | 339547 |
| 139 ## - Редно поле | |
| Редна дума | Станков, Георги Николов |
| Авторски знак | Стани - С 69 |
| 245 10 - Сведения за заглавието | |
| Заглавие | От леденика Маласпина до Долината на смъртта |
| Подзаглавни данни | Геогр. очерк за Кордилерите |
| Редно поле (дума) | Георги Николов Станков. |
| 257 ## - Страна на издаване | |
| Страна на създаване/издаване | България |
| 260 ## - Област на издателските данни | |
| Място на издаване, разпространение и проч. | София |
| Име на издателя, разпространителя и проч. | Нар. просв. |
| Година на издаване | 1966 |
| 300 ## - Физическа характеристика | |
| Страници | 108 с. |
| Илюстрации и др. | с ил., 1 л. к. |
| Размери/Мащаб | 18 см |
| 380 ## - Жанр | |
| Жанр | География |
| 490 ## - СЕРИИ (Колекции) | |
| Име на серия | Географска библиотека |
| №: серия | Г. V, кн. 3 |
| 9 (RLIN) | 202613 |
| 500 ## - Общи забележки | |
| Забележка | 10 079 тир. |
| 650 #4 - Допълнително описание по предмет – тема | |
| Основно описание – тема или топоним | Северна Америка - география |
| 9 (RLIN) | 261995 |
| 653 ## - Ключова дума – ненормативна | |
| Ключова дума | Северна Америка |
| 852 ## - Местоположение | |
| Форматна сигнатура | Цб І 8467 |
| 856 4# - Електронен адрес и достъп | |
| Електронен формат | pdf - файл |
| Инструкция (цена за достъп) | 0.00 |
| Права за достъп | disable |
| 856 4# - Електронен адрес и достъп | |
| Електронен формат | pdf - файл |
| Инструкция (цена за достъп) | 0.00 |
| Права за достъп | disable |
| 999 ## - СИСТЕМНИ КОНТРОЛНИ НОМЕРА | |
| Koha biblionumber | 173547 |
| Koha biblioitemnumber | 173547 |
| 942 ## - АРТИКУЛИ | |
| Вид на библиотечния материал | Книги |
| Скрит в OPAC | Не |
| Периодичен библиозапис | Да |
| 944 ## - СЪЗДАВАНЕ И РЕДАКЦИЯ на ЗАПИСА | |
| Създаване/Редакция | Създаване |
| Дата на регистрацията/редакция | 16.09.2015 |
| Служител, извършил регистрацията/редакцията | Кина_Георгиева |
| 944 ## - СЪЗДАВАНЕ И РЕДАКЦИЯ на ЗАПИСА | |
| Създаване/Редакция | Редакция |
| Дата на регистрацията/редакция | 2022-12-22 |
| Служител, извършил регистрацията/редакцията | ир |
| 999 ## - СИСТЕМНИ КОНТРОЛНИ НОМЕРА | |
| Koha biblioitemnumber | 173547 |
| Код за отписване | Код за изгубен артикул | Източник на класификационната схема | Код за повреда | Коз за рестрикции | Код за отдаване | Артикулен № | Име на библиотеката - собственик | Име на библиотеката, в която се намира в момента | Статус (Текущо местоположение) | Дата на вписване в системата | Местоположение - отдел | Цена в лева | Инвентарен номер | Систематично азбучна сигнатура | Баркод | Номер на екземпляра | Цена в евро | Служебна бележка | Служебен тип на артикула |
|---|---|---|---|---|---|---|---|---|---|---|---|---|---|---|---|---|---|---|---|
| Не е изгубен | Universal Decimal Classification | Не е повреден | без рестрикции | ползва се в читалня | 296766 | Регионална библиотека "Любен Каравелов" Русе | Регионална библиотека "Любен Каравелов" Русе | Хранилище | 1966-01-01 | Хранилище | 0.19 | 9878/66 | Цб І 8467 | 900000029318 | 1 | 0.10 | N: стар фонд Дата: 01.01.1966 | Книги | |
| Изтеглен | Не е изгубен | Universal Decimal Classification | Не е повреден | без рестрикции | заемане за дома | 296767 | Регионална библиотека "Любен Каравелов" Русе | Регионална библиотека "Любен Каравелов" Русе | Заемна - подръчен фонд | 1966-01-01 | Заемна - подръчен фонд | 0.00 | 10361/66 | П 917/С 69 | 10361/66 | 2 | 0.00 | N: стар фонд Дата: 01.01.1966 | Книги |
| Изтеглен | Не е изгубен | Universal Decimal Classification | Не е повреден | без рестрикции | заемане за дома | 296768 | Регионална библиотека "Любен Каравелов" Русе | Регионална библиотека "Любен Каравелов" Русе | Заемна - подръчен фонд | 1966-01-01 | Заемна - подръчен фонд | 0.00 | 10359/66 | П 917/С 69 | 10359/66 | 3 | 0.00 | N: стар фонд Дата: 01.01.1966 | Книги |
| Изтеглен | Не е изгубен | Universal Decimal Classification | Не е повреден | без рестрикции | заемане за дома | 296769 | Регионална библиотека "Любен Каравелов" Русе | Регионална библиотека "Любен Каравелов" Русе | Заемна - подръчен фонд | 1966-01-01 | Заемна - подръчен фонд | 0.00 | 10358/66 | П 917/С 69 | 10358/66 | 4 | 0.00 | N: стар фонд Дата: 01.01.1966 | Книги |